000 00682nam a2200205Ia 4500
003 GCL
008 140319s9999 xx 000 0 ara d
040 _aGCL /
_cGCL
082 0 4 _a004.678
_bم ت
100 1 _aمجدى محمد ابوالعطا
245 1 0 _aتيسير internet /
_cمجدى محمد ابوالعطا
250 _aالاولى
260 _aالقاهرة :
_bشركة علوم الحاسب - كمبيوساينس ،
_c2000
300 _a235 ص ؛
_c24 سم
650 0 4 _aالحاسبات الالكترونية
650 0 4 _aشبكات المعلومات
650 0 4 _aتكنولوجيا المعلومات
650 0 4 _aالإنترنت
942 _2ddc
_cBK
999 _c876
_d876